| 000 | 00661nam a2200193Ii 4500 | ||
|---|---|---|---|
| 003 | JO-AjNU | ||
| 008 | 230605s9999||||xx |||||||||||||| ||und|| | ||
| 040 |
_aJO-AjNU _bara _erda _cJO-AjNU |
||
| 041 | _aara | ||
| 050 | 1 | 4 | _aB753.I36 U4832 1983 |
| 100 | 3 |
_aالعلوي،جمال الدين, _eauthor _920169 |
|
| 245 | 0 | 0 | _aمؤلفات ابن باجه |
| 264 | 3 | 1 | _aبيروت-المغرب:دار الثقافة ،الدار البيضاء ، 1983 |
| 300 | _a166ص | ||
| 336 |
_atext _btxt _2rdacontent |
||
| 337 |
_aunmediated _bn _2rdamedia |
||
| 338 |
_avolume _bnc _2rdacarrier |
||
| 650 | 4 |
_a فلسفة إسلامية -- بيبليوغرافيا _920170 |
|
| 999 |
_aA6789 _c10357 _d10357 |
||